Representación y liderazgo en las democracias contemporáneas

Bewaard in:
Bibliografische gegevens
Hoofdauteur: Novaro, Marcos
Formaat: Texto
Gepubliceerd in: Buenos Aires: HomoSapiens Ediciones
Onderwerpen:
Tags: Voeg label toe
Geen labels, Wees de eerste die dit record labelt!

MARC

LEADER 00000 a a2200000 04500
001 31138
003
040
020 |a 950-808-271-2  
090 |a 197700  
100 |a Novaro, Marcos  
245 |a Representación y liderazgo en las democracias contemporáneas  
260 |a Buenos Aires:   |b HomoSapiens Ediciones  
300 |a 300 p.  
650 |a POLITICA  
650 |a REPRESENTACION DE LOS TRABAJADORES  
650 |a DEMOCRACIA  
650 |a IDEOLOGIAS POLITICAS  
650 |a LIDERAZGO POLITICO  
999 |c 7049  |d 7049